000 00370nam a2200145Ia 4500
008 231129s1994||||xx |||||||||||||| ||spa||
020 _a958-07-0930-0
040 _bspa
082 _a843.992 C843o
100 _aCote Denis
245 0 _aLos ojos de esmeralda
260 _c1994
264 _aEdilux Ediciones
942 _2ddc
_cBKS
999 _c19898
_d19898